Global Issues An Introduction (Record no. 13674)
[ view plain ]
| 000 -LEADER | |
|---|---|
| fixed length control field | 00327nam a22001337a 4500 |
| 020 ## - INTERNATIONAL STANDARD BOOK NUMBER | |
| ISBN | 9781118968857 |
| 082 ## - DEWEY DECIMAL CLASSIFICATION NUMBER | |
| Classification number | 338.9 |
| 100 ## - MAIN ENTRY--AUTHOR NAME | |
| Personal name | Kristen A. Hite ; John L. Seitz |
| 245 ## - TITLE STATEMENT | |
| Title | Global Issues An Introduction |
| 250 ## - EDITION STATEMENT | |
| Edition statement | Fifth Edition |
| 260 ## - PUBLICATION, DISTRIBUTION, ETC. (IMPRINT) | |
| Place of publication | UK |
| Name of publisher | John Wiley & Sons |
| Year of publication | 2016 |
| 300 ## - PHYSICAL DESCRIPTION | |
| Number of Pages | xviii, 335 pages |
| 942 ## - ADDED ENTRY ELEMENTS (KOHA) | |
| Koha item type | Books |
| Withdrawn status | Lost status | Collection code | Permanent Location | Current Location | Shelving location | Date acquired | Full call number | Accession Number | Koha item type |
|---|---|---|---|---|---|---|---|---|---|
| | | Economics | MAJU | MAJU | Shelf No.A47 | 2023-01-13 | 338.9 | 10760 | Books |